LEADER 00993nam a2200229 i 4500 001 000000187561 003 CaOOAMICUS 005 20100319000000.0 008 100319s1906 it u000 u ita u 013 $a165652 040 $aSeMil$bita 100 1 $aTyrrell, George,$d<1861-1909>.$0(OLS)http://semarc/name/34134 240 10$aNova et vetera : informal meditations.$0(OLS)http://semarc/title/269851 245 10$aNota et vetera :$bmeditazioni libere /$cGiorgio Tyrrell ; tradotte dall'inglese da Teresa Pioli. 260 $aRoma :$bF. Pustet,$c1906. 300 $aXIII, 469 p. ;$c20 cm. 650 4$aCristianesimo - Meditazioni.$0(OLS)http://semarc/subject/1977 700 1 $aPioli, Teresa.$0(OLS)http://semarc/name/68772 850 $aSeMil 852 $aSeMil$W1$xVenegono$y1$m2X III 102$j138248$B138248$CSeMilBibl$Z2$F149698 $81 996 $6245$aNota et vetera :$bmeditazioni libere$9(OLS)http://semarc/title/269850 996 $6260$aRoma :$bF. Pustet$9(OLS)http://semarc/publisher/30166 LEADER 00903nam a2200193 i 4500 001 000000191780 003 CaOOAMICUS 005 20100825000000.0 008 100825s1958 it u000 u fre u 013 $a170352 040 $aSeMil$bita 100 1 $aBillet, Bernard,$c.$0(OLS)http://semarc/name/4861 245 13$aLe Dénouement de «l'affaire Lourdes» et l'intervention impériale :$b28 août-20 octobre 1858. 300 $a320 p. :$bill., [16] p. di tav. 700 1 $aLaurentin, René,$d<1917-2017>.$0(OLS)http://semarc/name/89095 773 0 $aLaurentin, René <1917-2017>$tLourdes.$dParis : Lethielleux, libraire-éditeur, 1957.$g4$w()23707 850 $aSeMil 852 $aSeMil$W1$xVenegono$y1$m3H IV 161$j142388$B142388$CSeMilBibl$Z2$F153923 $81 996 $6245$aLe Dénouement de «l'affaire Lourdes» et l'intervention impériale :$b28 août-20 octobre 1858$9(OLS)http://semarc/title/276309